000 00477cam a2200193ua 4500
001 2920
005 20260515113614.0
008 110916n ii |||gr||||Z||||||asm
040 _cMAIN
082 _a920
100 1 _aHazarika, Hemoprava,
_eAuthor.
245 1 1 _aMahapurush
_cby Hemoprava Hazarika
250 _a3rd.
260 _aGuahati:
_bPublication board assam,990.
300 _a152p:
_c23cm.
653 _aBiography
653 _aBiography of Mahapurush
942 _cBK
999 _c2766
_d2766